000 00821nam a2200265Ia 4500
003 OSt
005 20221005105211.0
006 a|||||r|||| 00| 0
007 ta
008 221004b |||||||| |||| 00| 0 hin d
020 _a8174640282
024 _a29300
037 _cTextual
040 _aCRL
_cCRL
_bhin
041 _2hin
_ahin
082 _aO152x, PO
100 _aअंसल, कुसुम, संपा.
245 0 _aनिरन्तर संवाद
246 _aNirantar sanvāda
260 _aनई दिल्ली
_bअभिव्यंजना भारत
_c2000
300 _a400पृ0
_ccm.
650 _aहिन्दी साहित्य
942 _hO152x, PO
_cTEXL
_2cc
999 _c1015088
_d1015088